Survey the major insect pests and their management in different nurseries of greater dhaka city / (Record no. 13451)

MARC details
000 -LEADER
fixed length control field 01032nam a22002537a 4500
003 - CONTROL NUMBER IDENTIFIER
control field BD-DhSAU
005 - DATE AND TIME OF LATEST TRANSACTION
control field 20181217144440.0
008 - FIXED-LENGTH DATA ELEMENTS--GENERAL INFORMATION
fixed length control field 160720b2014 bg ||||| |||| 001 0 eng d
040 ## - CATALOGING SOURCE
Original cataloging agency BD-DhSAU
082 ## - DEWEY DECIMAL CLASSIFICATION NUMBER
Edition number 22
Classification number 595.7
Item number H7949
100 ## - MAIN ENTRY--PERSONAL NAME
Personal name Hossain, Md. Bellal
Relator term Registration # 13-05762
245 ## - TITLE STATEMENT
Title Survey the major insect pests and their management in different nurseries of greater dhaka city /
Remainder of title MS thesis
260 ## - PUBLICATION, DISTRIBUTION, ETC. (IMPRINT)
Place of publication, distribution, etc. Sher-e-Bangla Agricultural University :
Name of publisher, distributor, etc. Sher-e-Bangla Agricultural University :
Date of publication, distribution, etc. 2014
300 ## - PHYSICAL DESCRIPTION
Extent vi, 52 p. :
Other physical details ill. ;
Dimensions 30 cm.
500 ## - GENERAL NOTE
General note MS thesis of Department of Entomology, Faculty of Agriculture, Sher-e-Bangla Agricultural University, Dhaka, Bangladesh
590 ## - Name of Cataloguer
Name of Cataloger Md. Sirajul Islam
650 ## - SUBJECT ADDED ENTRY--TOPICAL TERM
Topical term or geographic name as entry element Entomology
650 ## - SUBJECT ADDED ENTRY--TOPICAL TERM
Topical term or geographic name as entry element Survey
650 ## - SUBJECT ADDED ENTRY--TOPICAL TERM
Topical term or geographic name as entry element Insect
700 ## - ADDED ENTRY--PERSONAL NAME
Personal name Rahman, Md. Mizanur
Relator term Superviser
700 ## - ADDED ENTRY--PERSONAL NAME
Personal name Hossain, Mohammed Sakhawat
Relator term Co-Superviser
856 ## - ELECTRONIC LOCATION AND ACCESS
Uniform Resource Identifier <a href="http://archive.saulibrary.edu.bd:8080/xmlui/handle/123456789/1493">http://archive.saulibrary.edu.bd:8080/xmlui/handle/123456789/1493</a>
Link text Online Access
942 ## - ADDED ENTRY ELEMENTS (KOHA)
Source of classification or shelving scheme Dewey Decimal Classification
Koha item type MS Level Thesis
Holdings
Withdrawn status Lost status Source of classification or shelving scheme Damaged status Not for loan Collection code Home library Branch Name Shelving location Date acquired Total Checkouts Full call number Barcode Date last seen Price effective from Koha item type
    Dewey Decimal Classification   Not For Loan Reference SAU Library SAU Library Reference 16/06/2016   595.7 H7949 39593 20/07/2016 20/07/2016 MS Level Thesis